Stati con almeno 2 fusi orari - Statistics

Statistiche generali
  • Questo quiz è stato fatto 48 volte
  • Il punteggio medio è 14 su 23
Statistiche sulle risposte
Numero di fusi orari Stato % Corretto
11 Russia
100%
11 Stati Uniti
100%
4 Brasile
98%
6 Canada
98%
9 Australia
95%
4 Messico
76%
12 Francia
66%
9 Regno Unito
66%
2 Kazakistan
63%
5 Nuova Zelanda
63%
3 Indonesia
61%
2 Sudafrica
61%
2 Mongolia
59%
2 Repubblica Democratica del Congo
51%
2 Spagna
51%
5 Danimarca
49%
2 Regno dei Paesi Bassi
46%
3 Kiribati
41%
3 Cile
37%
2 Portogallo
37%
2 Stati Federati di Micronesia
34%
2 Ecuador
17%
2 Papua Nuova Guinea
10%
Nessun quiz corrispondente trovato
Distribuzione punteggi
Percentuale di utenti per punteggio
Percentile per numero di risposta
I tuoi punteggi nel tempo
Non hai fatto questo quiz